000 00354nam a2200145Ia 4500
008 230917s9999||||xx |||||||||||||| ||und||
040 _e84818
_aMAIN
041 _aEnglish
082 _a372.3 D536I
100 _aDheer, S
245 0 _aIntroduction to health education
260 _aDelhi
_bFriends Publications
_c1991
300 _a259 p.
942 _cBK
999 _c64549
_d64549